All Harry Potter Characters 5-7 Quiz Stats

 Plays Quiz not verified by Sporcle

Score 0/126 Timer 20:00
0 Plays Today
Description Answer % Correct
Auror and metamorphmagusNymphadora Tonks
91.6%
Sirius' cousin, aunt of DracoAndromeda Tonks
91.1%
Husband of Sirius' cousinTed Tonks
90.7%
Sirius' brotherRegulus Black
83.6%
Ron and Hermione's daughterRose Weasley
81.8%
Black family's house elfKreacher
81.6%
Sirius' great-great-grandfatherPhineas Nigellus Black
80.9%
Ron and Hermione's sonHugo Weasley
80.8%
Bill and Fleur's daughterVictoire Weasley
79.9%
Ron's crazy great-auntAunt Muriel
79.4%
Harry and Ginny's younger sonAlbus Severus Potter
79.4%
Harry and Ginny's daughterLily Luna Potter
79.3%
Harry and Ginny's older sonJames Sirius Potter
79.3%
Sirius' cousin, murderer, and Death EaterBellatrix Lestrange
78.2%
Werewolf Death EaterFenrir Greyback
76.6%
Auror and head of search for Sirius BlackKingsley Shacklebolt
76.2%
Lupin's sonTeddy Lupin
73.9%
Ravenclaw girl, rather 'loony'Luna Lovegood
73.5%
Albus' motherKendra Dumbledore
72.7%
Death Eater, married to Sirius' mudererRodolphus Lestrange
72.3%
Albus' sisterAriana Dumbledore
72.3%
Draco's sonScorpius Malfoy
71.7%
Hagrid's half-brotherGrawp
71.3%
Rather eccentric father who wears the deathly hallows symbolXenophilius Lovegood
71.3%
Albus' fatherPercival Dumbledore
71.3%
Defense Against the Dark Arts teacher (year 5)Dolores Umbridge
70%
Neville's father, tortured by Death EatersFrank Longbottom
69.1%
Neville's mother, tortured by Death EatersAlice Longbottom
68.6%
Potions teacher (year 6)Horace Slughorn
67.5%
Death Eater, present at Astronomy Tower with his twinAlecto Carrow
66.4%
Death Eater, present at Astronomy Tower with her twinAmycus Carrow
66.1%
Death EaterRabastan Lestrange
63.4%
Author of 'A History of Magic' and friend of the PottersBathilda Bagshot
63.4%
Head of the Department of Magical Law Enforcement, killed by VoldemortAmelia Bones
63.2%
Tom Riddle's fatherTom Riddle
61.6%
Owner of two House Relics that became horcruxesHepzibah Smith
61.6%
New Minister of MagicRufus Scrimgeour
61.4%
Tom Riddle's motherMerope Gaunt
61.4%
Tom Riddle's grandfatherMarvolo Gaunt
61.2%
Member of the Order of the Phoenix, uncle of SusanEdgar Bones
60.9%
Hufflepuff boy, Dumbledore's Army memberZacharias Smith
60.9%
Tom Riddle's uncleMorfin Gaunt
60.9%
Description Answer % Correct
Ravenclaw girl, the 'SNEAK' who revealed the DAMarietta Edgecombe
60.7%
Death Eater, it rains in his office in year 7Yaxley
60.7%
Gryffindor boy who tries out for Keeper against RonCormac McLaggen
59.9%
Molly's brotherFabian Prewett
59.2%
Molly's brotherGideon Prewett
58.9%
Head of the Department of Magical Law Enforcement, under the Imperius cursePius Thicknesse
58.5%
Previous Muggle Studies teacher, killed by NaginiCharity Burbage
58.5%
House elf reponsible for the creation of two horcruxesHokey
58.3%
Ravenclaw boy dating Ginny, Dumbledore's Army memberMichael Corner
58.2%
Gryffindor girl who tries to give Harry a love potionRomilda Vane
58.2%
One of the three brothers, possessor of the Invisibility CloakIgnotus Peverell
58%
Wizard impersonated by Ron at the MinistryReg Cattermole
57.7%
One of the three brothers, possessor of the Elder WandAntioch Peverell
57.3%
One of the three brothers, possessor of the Resurrection StoneCadmus Peverell
57.3%
Wife of the wizard Ron impersonatesMary Elizabeth Cattermole
57.2%
Fleur's motherApolline Delacour
56.8%
Captain of the Holyhead HarpiesGwenog Jones
56.2%
Ravenclaw ghostGrey Lady
56.2%
Fleur's fatherMonseiur Delacour
55.8%
Member of the Order of the PhoenixHestia Jones
55.5%
Works for the Floo Network AuthorityMadam Edgecombe
54.1%
Hagrid's substitute teacherProfessor Grubbly-Plank
53.8%
Wandmaker who made Krum's wandDragomir Gregorovitch
53.8%
Wizard impersonated by Harry at the MinistryAlbert Runcorn
53.5%
Hogwarts Headmaster when Tom Riddle was at schoolArmando Dippet
52.8%
Member of the Order of the PhoenixElphias Doge
51.9%
Member of the Order of the Phoenix, gets arrested for trespassingSturgis Podmore
51.1%
CentaurMagorian
50.3%
Apparition instructor at HogwartsWilkie Twycross
49.1%
AurorDawlish
48.9%
Member of the Order of the PhoenixEmmeline Vance
48.6%
Gryffindor beaterJimmy Peakes
47.2%
Auror sent to arrest Voldemort's uncleBob Ogden
46.9%
Head of Tom Riddle's orphanageMrs. Cole
46.7%
SnatcherScabior
46.7%
Gryffindor chaserDemelza Robins
44.7%
Mrs. Weasley's favorite singerCelestina Warbeck
44.7%
Resigned from the Wizengamot in protestTiberius Ogden
44.2%
Ravenclaw boy, Dumbledore's Army memberAnthony Goldstein
43.7%
Ravenclaw member of the Slug ClubMarcus Belby
43%
Katie Bell's friendLeanne
43%
Wizard on the run with GoblinsDirk Cresswell
43%
Description Answer % Correct
Gryffindor beaterRitchie Coote
42.8%
Goblin on the run with GriphookGornuk
42.2%
In Tom Riddle's time, teacher who was said to be retiringProfessor Merrythought
42%
Gurg of the giant colonyKarkus
40.5%
Loaned Arthur a tent, which was later used by the trioPerkins
38.6%
Works for the Wizarding Examinations AuthorityTofty
38.3%
Works for the Wizarding Examinations AuthorityGriselda Marchbanks
37.8%
Member of the Order of the Phoenix, killed by death eatersMarlene McKinnon
37.1%
Former headmistress whose portrait hangs at St. Mungo's HospitalDilys Derwent
36.3%
Gryffindor beaterJack Sloper
35.4%
Vampire at the Christmas PartySanguini
34.7%
Gryffindor beater Andrew Kirke
33.2%
Slytherin studentTheodore Nott
33.2%
Death EaterThorfinn Rowle
32.7%
Muggle leaderPrime Minister
32.4%
GiantGolgomath
31.7%
Passenger on the Knight BusMadam Marsh
31.2%
Fan of Gilderoy LockhartGladys Gudgeon
30.9%
Former headmaster whose portrait is in the Ministry of MagicEverard
30.5%
Member of the Order of the Phoenix, killed by Death EatersBenjy Fenwick
30.4%
Gryffindor boyEuan Abercrombie
30%
Member of the Order of the Phoenix, killed by Lord VoldemortDorcas Meadowes
27.8%
Muggle Junior MinisterHerbert Chorley
27%
Healer in the Dai Llewellyn ward who tried Muggle stitches on ArthurAugustus Pye
26.8%
Member of the Order of the Phoenix, killed by Death EatrersCaradoc Dearborn
26.6%
Slytherin Quidditch captainUrquhart
26.6%
Arrested for enchanting Muggle toiletsWilly Widdershins
25.5%
Death EaterJugson
25%
Healer in charge of the Dai Llewellyn ward at St. Mungo'sHippocrates Smethwyck
24.3%
Slytherin Quidditch reserve seekerHarper
24.3%
Hufflepuff girlRose Zeller
23.8%
Girl tortured by young Tom RiddleAmy Benson
23.1%
Boy tortured by young Tom RiddleDennis Bishop
22.9%
Hufflepuff Quidditch chaserCadwallader
22.4%
Slytherin Quidditch memberVaisey
21.8%
Brings a Vampire to the Christmas PartyEldred Worple
21.2%
A member of the Black FamilyAunt Elladora
20.4%
A member of the Black FamilyAraminta Meliflua
17.7%
Ravenclaw studentEddie Carmichael
16.7%
Well-known broomstick designerArkie Alderton
16.7%
Daily Prophet reporterBetty Braithwaite
15.7%
Auror under the command of ScrimegeourGawain Robards
13.3%

You're not logged in!

Compare scores with friends on all Sporcle quizzes.
OR
Log In

Show Comments

Extras

Top Quizzes Today


Score Distribution

Your Account Isn't Verified!

In order to create a playlist on Sporcle, you need to verify the email address you used during registration. Go to your Sporcle Settings to finish the process.

Report this User

Report this user for behavior that violates our Community Guidelines.

Details: